Caricamento...
Modern UGC NET/SLET :electronic science
| Natura: | Printed Book |
|---|---|
| Pubblicazione: |
New Delhi
Anmol
2005
|
| Soggetti: |
| LEADER | 00470nam a22001337a 4500 | ||
|---|---|---|---|
| 020 | |a 9788126125982 | ||
| 082 | |a R004.076 |b MOD | ||
| 245 | |a Modern UGC NET/SLET :electronic science | ||
| 260 | |a New Delhi |b Anmol |c 2005 | ||
| 300 | |a 517p. | ||
| 650 | |a Computer science- competitive exams | ||
| 942 | |c BK | ||
| 999 | |c 41215 |d 41215 | ||
| 952 | |0 0 |1 0 |4 0 |6 R_004_076000000000000_MOD |7 0 |8 Reference |9 44460 |a KUCL |b KUCL |c Reference |d 2016-08-08 |g 275.00 |l 0 |o R004.076 MOD |p 42488 |r 2017-03-09 |w 2016-08-08 |y BK | ||